000 00446pab a2200169 454500
008 180718b1983 xxu||||| |||| 00| 0 eng d
100 _aJacobs, G.D.
245 _aPublic transport in third world cities
260 _c1983
300 _a25-34
362 _aMar.
650 _aLocal Transportation - Underdeveloped Areas
700 _aD.A.C. Maunder
700 _aP.R. Fouracre
773 _aJournal of Transport Management
909 _a12869
999 _c12869
_d12869